La vida en el mar: buceando en la costa de Mar del Plata
Salvato in:
| Autore principale: | |
|---|---|
| Natura: | Libro |
| Lingua: | spagnolo |
| Pubblicazione: |
Mar del Plata
Instituto Nacional de Investigación y Desarrollo Pesquero
2010
|
| Soggetti: | |
| Tags: |
Aggiungi Tag
Nessun Tag, puoi essere il primo ad aggiungerne!!
|
MARC
| LEADER | 00000cam a2200000 a 4500 | ||
|---|---|---|---|
| 001 | UCF8161 | ||
| 003 | CL-VaPUC | ||
| 008 | 130802e20100800ag |||||||||||||||||spa|d | ||
| 020 | |a 9789871443048 | ||
| 082 | 0 | 4 | |a 578.77073 |b GEN |2 21 |
| 100 | 0 | |a Genzano, Gabriel N |e author |9 570245 | |
| 245 | 1 | 3 | |a La vida en el mar: buceando en la costa de Mar del Plata |
| 300 | |a 46 p | ||
| 942 | |c BK | ||
| 945 | |d 20130802 12:08:00 |a dcastane | ||
| 260 | |a Mar del Plata |b Instituto Nacional de Investigación y Desarrollo Pesquero |c 2010 | ||
| 650 | 0 | |a Biología marina |9 259965 | |
| 650 | 0 | |a Animales marinos |9 367995 | |
| 650 | 0 | |a Ambientes acuáticos |9 401670 | |
| 583 | |a last modification |c 20130802 12:08:00 |k Rodrigo Vera | ||
| 999 | |c 352804 |d 352802 | ||
| 952 | |0 0 |1 0 |4 0 |6 578_770730000000000_GEN_2010 |7 0 |8 CCM |9 457478 |a BIBCUR |b BIBCUR |d 2019-11-22 |i 4991303 |o 578.77073 GEN 2010 |p 4991303 |r 2025-04-22 |w 2019-11-22 |y BK |k CIM | ||